| 000 | 00586cam a22002171 4500 | ||
|---|---|---|---|
| 001 | BD-DhSAU 2686 | ||
| 003 | BD-DhSAU | ||
| 005 | 20150507154709.0 | ||
| 008 | 740802s1966 e a 001 0 eng | ||
| 040 | _aBD-DhSAU | ||
| 082 |
_222 _a547 _bNOT |
||
| 100 | 1 | _aNoller, Carl Robert | |
| 245 | 1 | 0 |
_aTextbook of organic chemistry / _cCarl R. Noller. |
| 250 | _a3rd ed. | ||
| 260 |
_aPhiladelphia : _bW. B. Saunders Company , _cc1966. |
||
| 300 |
_avii, 760 p. _bill. ; _c26 cm. |
||
| 504 | _aincludes index. | ||
| 590 | _aJerin | ||
| 650 | 0 | _aOrganic Chemistry | |
| 650 | 0 | _a Chemistry | |
| 942 |
_2ddc _cBOOK |
||
| 999 |
_c2686 _d2686 |
||